[Event "FRA-chT GpB (Women)"]
[Site "Montpellier"]
[Date "2015.05.09"]
[Round "4.1"]
[White "Olguin, Monica"]
[Black "Levacic, Melissa"]
[Result "1/2-1/2"]
[WhiteElo "1727"]
[BlackElo "1965"]
[PlyCount "33"]
[EventDate "2015.05.07"]
[EventType "team-tourn"]
[EventRounds "5"]
[EventCountry "FRA"]
[SourceTitle "CBM 166 Extra"]
[Source "ChessBase"]
[SourceDate "2015.06.18"]
[SourceVersion "1"]
[SourceVersionDate "2015.06.18"]
[SourceQuality "1"]
[WhiteTeam "Strasbourg (W)"]
[BlackTeam "Monaco (W)"]
[WhiteTeamCountry "FRA"]
[BlackTeamCountry "FRA"]

1. e4 e5 2. Nf3 Nc6 3. d4 exd4 4. Nxd4 Bc5 5. Be3 Qf6 6. c3 Qg6 7. f3 Nge7 8. Qd2 a6 9. Bd3 Ne5 10. 0-0 Nxd3 11. Qxd3 Nd5 12. Nd2 0-0 13. Qe2 Nxe3 14. Qxe3 Re8 15. Qf4 Bd6 16. Qh4 Be7 17. Qf2 1/2-1/2

[Event "Olympiad Women-41"]
[Site "Tromsoe"]
[Date "2014.08.14"]
[Round "11.2"]
[White "Levacic, Melissa"]
[Black "De Leon, Patricia O"]
[Result "1-0"]
[WhiteElo "1994"]
[BlackElo "1921"]
[PlyCount "71"]
[EventDate "2014.08.02"]
[EventType "team-swiss"]
[EventRounds "11"]
[EventCountry "NOR"]
[SourceTitle "CBM 162"]
[Source "ChessBase"]
[SourceDate "2014.09.17"]
[SourceVersion "1"]
[SourceVersionDate "2014.09.17"]
[SourceQuality "1"]
[WhiteTeam "Monaco (W)"]
[BlackTeam "Uruguay (W)"]
[WhiteTeamCountry "MNC"]
[BlackTeamCountry "URU"]

1. e4 e6 2. Nc3 d5 3. Nf3 dxe4 4. Nxe4 Nd7 5. d4 Ngf6 6. Nxf6+ Nxf6 7. Bg5 Be7 8. Bd3 c5 9. Bb5+ Bd7 10. Bxd7+ Qxd7 11. Qe2 cxd4 12. 0-0-0 0-0 13. Rxd4 Qc7 14. Kb1 Rfd8 15. Rhd1 Rxd4 16. Rxd4 Rd8 17. Bf4 Qb6 18. Be5 Rd5 19. Rxd5 Nxd5 20. Bd4 Qc7 21. Qb5 Kf8 22. Ne5 f6 23. Nd7+ Kf7 24. Bxa7 Qxh2 25. a3 Qxg2 26. c4 Qf1+ 27. Ka2 h5 28. Qb3 Nf4 29. Qxb7 Qxc4+ 30. Ka1 Qc1+ 31. Ka2 Qc4+ 32. Ka1 Qc1+ 33. Ka2 Nd3 34. Qb5 g5 35. Qxd3 Qc7 36. Qh7+ 1-0

[Event "Olympiad Women-41"]
[Site "Tromsoe"]
[Date "2014.08.12"]
[Round "10.2"]
[White "Namaganda, Christine"]
[Black "Levacic, Melissa"]
[Result "0-1"]
[WhiteElo "1536"]
[BlackElo "1994"]
[PlyCount "86"]
[EventDate "2014.08.02"]
[EventType "team-swiss"]
[EventRounds "11"]
[EventCountry "NOR"]
[SourceTitle "CBM 162"]
[Source "ChessBase"]
[SourceDate "2014.09.17"]
[SourceVersion "1"]
[SourceVersionDate "2014.09.17"]
[SourceQuality "1"]
[WhiteTeam "Uganda (W)"]
[BlackTeam "Monaco (W)"]
[WhiteTeamCountry "UGA"]
[BlackTeamCountry "MNC"]

1. d4 Nf6 2. Nf3 e6 3. Bf4 b6 4. e3 Bb7 5. Nbd2 Be7 6. c3 0-0 7. Bd3 d5 8. h3 c5 9. Ne5 Ne4 10. g3 Nd7 11. f3 Nxd2 12. Kxd2 Nxe5 13. Bxe5 f6 14. Bf4 g5 15. Qc2 Rf7 16. Bxg5 fxg5 17. f4 cxd4 18. exd4 Qd6 19. Raf1 a5 20. fxg5 Bxg5+ 21. Kd1 Raf8 22. Bxh7+ Rxh7 23. Rxf8+ Qxf8 24. Qg6+ Rg7 25. Qxe6+ Qf7 26. Qxf7+ Rxf7 27. h4 Be7 28. Re1 Bd6 29. Re6 Bxg3 30. Rg6+ Rg7 31. Rxb6 Bxh4 32. Rb5 Bd8 33. Kc2 Kf8 34. Kb3 Rd7 35. Rc5 Ke7 36. Rb5 Bc6 37. Rc5 Kd6 38. Kc2 Bb6 39. Rxc6+ Kxc6 40. Kb3 Kb5 41. a4+ Kc6 42. Ka2 Rg7 43. Kb3 Rg3 0-1

[Event "Olympiad Women-41"]
[Site "Tromsoe"]
[Date "2014.08.02"]
[Round "1.3"]
[White "Levacic, Melissa"]
[Black "Rakic, Marija"]
[Result "0-1"]
[WhiteElo "1994"]
[BlackElo "2323"]
[PlyCount "80"]
[EventDate "2014.08.02"]
[EventType "team-swiss"]
[EventRounds "11"]
[EventCountry "NOR"]
[SourceTitle "CBM 162"]
[Source "ChessBase"]
[SourceDate "2014.09.17"]
[SourceVersion "1"]
[SourceVersionDate "2014.09.17"]
[SourceQuality "1"]
[WhiteTeam "Monaco (W)"]
[BlackTeam "Serbia (W)"]
[WhiteTeamCountry "MNC"]
[BlackTeamCountry "SRB"]

1. e4 c5 2. Nc3 e6 3. f4 d5 4. Nf3 dxe4 5. Nxe4 Be7 6. g3 Nf6 7. Nf2 b6 8. Bg2 Bb7 9. 0-0 0-0 10. d3 Qc7 11. Ne5 Bxg2 12. Kxg2 Nbd7 13. Qe2 Nxe5 14. fxe5 Nd7 15. Re1 Rad8 16. Bf4 Nb8 17. Ne4 Qd7 18. Qg4 Kh8 19. Qh5 Nc6 20. Rad1 Qd5 21. c4 Qd7 22. a3 Nd4 23. Be3 Nc6 24. Bg5 Bxg5 25. Nxg5 h6 26. Rd2 Kg8 27. Ne4 Qc7 28. Nf2 Rd4 29. Ng4 Ne7 30. Rf1 Nf5 31. Rf4 Qc6+ 32. Kg1 Qd7 33. Nf2 Rxf4 34. gxf4 Qd4 35. Qf3 Nh4 36. Qg4 Ng6 37. Re2 h5 38. Qf3 Qxf4 39. Qxh5 Qc1+ 40. Kg2 Nf4+ 0-1

[Event "FRA-chT Top 12 (Women)"]
[Site "Mulhouse"]
[Date "2014.05.10"]
[Round "3.3"]
[White "Levacic, Melissa"]
[Black "Fischer, Julie"]
[Result "0-1"]
[WhiteElo "2000"]
[BlackElo "1968"]
[PlyCount "94"]
[EventDate "2014.05.09"]
[EventType "team-tourn"]
[EventRounds "5"]
[EventCountry "FRA"]
[SourceTitle "CBM 160 Extra"]
[Source "ChessBase"]
[SourceDate "2014.07.01"]
[SourceVersion "1"]
[SourceVersionDate "2014.07.01"]
[SourceQuality "1"]
[WhiteTeam "Monaco (W)"]
[BlackTeam "Bischwiller (W)"]
[WhiteTeamCountry "MNC"]
[BlackTeamCountry "FRA"]

1. e4 c5 2. Nc3 Nc6 3. Bb5 g6 4. Bxc6 dxc6 5. d3 Bg7 6. Be3 b6 7. Qd2 h6 8. h4 Nf6 9. f3 e5 10. 0-0-0 Nd7 11. f4 exf4 12. Bxf4 Ne5 13. Nf3 Nxf3 14. gxf3 Be6 15. e5 Bd5 16. Ne4 Bxe4 17. dxe4 Qxd2+ 18. Rxd2 Ke7 19. Rd6 Rac8 20. Rhd1 Rhd8 21. Bg3 Bf8 22. Rxd8 Rxd8 23. Rxd8 Kxd8 24. f4 c4 25. Kd2 Bb4+ 26. Ke2 Kd7 27. f5 Be7 28. Kf3 b5 29. Bf4 h5 30. Bg3 a5 31. Ke3 Bb4 32. Kd4 Bd2 33. Bf2 Bc1 34. Kc3 g5 35. hxg5 Bxg5 36. Bg3 h4 37. Bh2 Be3 38. b3 cxb3 39. cxb3 h3 40. Kd3 Bb6 41. Kc3 Ke8 42. a4 Bc7 43. Kd4 f6 44. Kc5 Bxe5 45. Bg1 bxa4 46. bxa4 Kd7 47. Kb6 Bd4+ 0-1

[Event "Wch U20 Girls"]
[Site "Istanbul"]
[Date "2005.11.21"]
[Round "12"]
[White "Levacic, Melissa"]
[Black "Paridar, Shadi"]
[Result "0-1"]
[WhiteElo "1993"]
[BlackElo "2237"]
[PlyCount "76"]
[EventDate "2005.11.09"]
[EventType "swiss"]
[EventRounds "13"]
[EventCountry "TUR"]
[SourceTitle "CBM 109 Extra"]
[Source "ChessBase"]
[SourceDate "2006.01.03"]
[SourceVersion "2"]
[SourceVersionDate "2006.01.03"]
[SourceQuality "1"]

1. e4 c5 2. Nc3 Nc6 3. Bb5 g6 4. Bxc6 dxc6 5. d3 e5 6. f4 Qc7 7. g3 Qe7 8. Nf3 exf4 9. Bxf4 Bg7 10. Qd2 Bg4 11. Qe3 0-0-0 12. h3 Be6 13. Ng5 Bd7 14. Nf3 h6 15. g4 Be6 16. Be5 f6 17. Bg3 b6 18. a4 a5 19. d4 f5 20. dxc5 fxg4 21. Bd6 Rxd6 22. cxd6 Qxd6 23. e5 Qc5 24. Qxc5 bxc5 25. hxg4 Bxg4 26. Nh4 Ne7 27. Ne4 Bxe5 28. Nf2 Bh5 29. Nd3 Bd6 30. b3 Bg4 31. Kd2 g5 32. Rhg1 h5 33. Ng2 Nf5 34. Nf2 Bf3 35. Ne3 Bf4 36. Rae1 Re8 37. Nfd1 Bxd1 38. Kxd1 Nxe3+ 0-1

[Event "Wch U20 Girls"]
[Site "Istanbul"]
[Date "2005.11.10"]
[Round "2"]
[White "Levacic, Melissa"]
[Black "Djukic, Sandra"]
[Result "1/2-1/2"]
[WhiteElo "1993"]
[BlackElo "2140"]
[PlyCount "34"]
[EventDate "2005.11.09"]
[EventType "swiss"]
[EventRounds "13"]
[EventCountry "TUR"]
[SourceTitle "CBM 109 Extra"]
[Source "ChessBase"]
[SourceDate "2006.01.03"]
[SourceVersion "2"]
[SourceVersionDate "2006.01.03"]
[SourceQuality "1"]

1. e4 c5 2. Nc3 e6 3. f4 a6 4. Nf3 Nc6 5. Be2 Qc7 6. d3 d6 7. 0-0 b5 8. Qe1 g6 9. Bd1 b4 10. Ne2 Bg7 11. Qh4 Nge7 12. Rb1 a5 13. b3 Qb6 14. Kh1 Nd4 15. Nfxd4 cxd4 16. f5 gxf5 17. Bh6 Ng6 1/2-1/2

[Event "FRA-ch U20 Girls"]
[Site "Calvi"]
[Date "2005.04.19"]
[Round "3"]
[White "Chaumont, Adeline"]
[Black "Levacic, Melissa"]
[Result "1-0"]
[WhiteElo "2047"]
[BlackElo "1997"]
[PlyCount "125"]
[EventDate "2005.04.??"]
[EventType "swiss"]
[EventRounds "9"]
[EventCountry "FRA"]
[SourceTitle "EXT 2006"]
[Source "ChessBase"]
[SourceDate "2005.11.24"]
[SourceVersion "1"]
[SourceVersionDate "2005.11.24"]
[SourceQuality "1"]

1. d4 Nf6 2. c4 e6 3. Nc3 Bb4 4. Qc2 d5 5. cxd5 Qxd5 6. Nf3 Qf5 7. Qxf5 exf5 8. a3 Be7 9. Bf4 c6 10. e3 Be6 11. Bd3 h6 12. e4 fxe4 13. Nxe4 Nxe4 14. Bxe4 Nd7 15. 0-0 Nf6 16. Bc2 0-0 17. Rfe1 Rfd8 18. h3 Kf8 19. Rad1 Rac8 20. Ne5 c5 21. dxc5 Rxd1 22. Bxd1 Bxc5 23. Bf3 Bd5 24. Bxd5 Nxd5 25. Nd7+ Kg8 26. Bg3 f6 27. Rd1 Nb6 28. Nxc5 Rxc5 29. Rd8+ Kh7 30. Rb8 Rc1+ 31. Kh2 Rc2 32. Rxb7 Rxb2 33. Rxa7 Ra2 34. h4 Kg6 35. Kh3 h5 36. Ra6 Nc4 37. Ra4 Nd2 38. Bd6 f5 39. Ra6 Kf7 40. Ra7+ Ke6 41. Bf8 g6 42. f3 f4 43. Bh6 Ra1 44. Bxf4 Rh1+ 45. Kg3 Nf1+ 46. Kf2 Rxh4 47. g3 Nxg3 48. Kxg3 Rh1 49. Kg2 Ra1 50. Bg5 Kf5 51. Ra5+ Ke6 52. f4 Ra2+ 53. Kf3 Ra1 54. Ra6+ Kf7 55. a4 Ra3+ 56. Ke4 Ra1 57. Ra7+ Kf8 58. Ke5 Rf1 59. a5 Rc1 60. Rd7 Ke8 61. Rd6 Rc5+ 62. Ke6 Kf8 63. a6 1-0

[Event "FRA-ch U20 Girls"]
[Site "Calvi"]
[Date "2005.04.17"]
[Round "1"]
[White "Levacic, Melissa"]
[Black "Penalver, Marion"]
[Result "1-0"]
[WhiteElo "1997"]
[BlackElo "1902"]
[PlyCount "67"]
[EventDate "2005.04.??"]
[EventType "swiss"]
[EventRounds "9"]
[EventCountry "FRA"]
[SourceTitle "EXT 2006"]
[Source "ChessBase"]
[SourceDate "2005.11.24"]
[SourceVersion "1"]
[SourceVersionDate "2005.11.24"]
[SourceQuality "1"]

1. e4 c5 2. Nc3 Nc6 3. Bb5 g6 4. f4 Bg7 5. Nf3 e6 6. Bxc6 bxc6 7. e5 d5 8. exd6 Qxd6 9. d3 Nf6 10. 0-0 0-0 11. Ne5 Bb7 12. Nc4 Qc7 13. Be3 Nd5 14. Bxc5 Rfd8 15. Ne4 Ba6 16. Bd6 Qc8 17. Qe2 Bd4+ 18. Kh1 Bxc4 19. dxc4 Ne3 20. c3 Nxf1 21. cxd4 Nxh2 22. Kxh2 f5 23. Nf6+ Kf7 24. Be5 Rf8 25. d5 exd5 26. cxd5 cxd5 27. Qb5 Rd8 28. Rd1 Rb8 29. Bxb8 Kxf6 30. Be5+ Kf7 31. Rxd5 Rxd5 32. Qxd5+ Kf8 33. Qd6+ Kg8 34. Qf6 1-0

[Event "FRA-chT2S"]
[Site "France"]
[Date "2003.03.15"]
[Round "9.9"]
[White "Bardin, Yolene"]
[Black "Levacic, Melissa"]
[Result "0-1"]
[WhiteElo "1820"]
[BlackElo "1978"]
[PlyCount "116"]
[EventDate "2002.10.??"]
[EventType "team"]
[EventRounds "11"]
[EventCountry "FRA"]
[SourceTitle "EXT 2004"]
[Source "ChessBase"]
[SourceDate "2003.11.25"]
[SourceVersion "1"]
[SourceVersionDate "2003.11.25"]
[SourceQuality "1"]

1. e4 e5 2. Nf3 Nc6 3. d4 exd4 4. Nxd4 Bc5 5. Be3 Qf6 6. c3 Qg6 7. Nd2 Nxd4 8. Bxd4 Bxd4 9. cxd4 Qb6 10. Nb3 Ne7 11. Bd3 d5 12. e5 Bf5 13. 0-0 h5 14. Qc2 Bxd3 15. Qxd3 h4 16. h3 0-0-0 17. a4 a6 18. a5 Qg6 19. Qc3 Qc6 20. Qb4 Nf5 21. Rac1 Qb5 22. Qc3 c6 23. Qf3 Kb8 24. Rc3 g6 25. Rfc1 Qb4 26. Qf4 Ka8 27. Qd2 Rdg8 28. Qf4 Nh6 29. Qg5 Nf5 30. Qf4 Rh5 31. Qg4 Qe7 32. Nc5 Qg5 33. Qxg5 Rxg5 34. Rd3 Rh5 35. Rcc3 g5 36. Nd7 Rhh8 37. Nf6 Rg6 38. Rb3 Nh6 39. Rb4 g4 40. Nxg4 Nxg4 41. hxg4 Rxg4 42. f3 Rg3 43. Kf1 Rhg8 44. Rd2 Kb8 45. Rb3 Kc7 46. Rbd3 Kd7 47. f4 R8g4 48. Rxg3 hxg3 49. Ke2 Rxf4 50. Ke3 Rf1 51. Re2 Ke6 52. Kd3 c5 53. Re3 Rd1+ 54. Kc2 Rxd4 55. Rxg3 Kxe5 56. Rb3 Rb4 57. Rg3 Rb5 58. Rg5+ Ke6 0-1

[Event "FRA-ch U18 Girls"]
[Site "Le Grand Bornand"]
[Date "2003.??.??"]
[Round "8.6"]
[White "Levacic, Melissa"]
[Black "Chatte, Anne Sophie"]
[Result "1-0"]
[WhiteElo "1988"]
[BlackElo "1970"]
[PlyCount "75"]
[EventDate "2003.??.??"]
[EventType "swiss"]
[EventRounds "9"]
[EventCountry "FRA"]
[SourceTitle "EXT 2004"]
[Source "ChessBase"]
[SourceDate "2003.11.25"]
[SourceVersion "1"]
[SourceVersionDate "2003.11.25"]
[SourceQuality "1"]

1. e4 c5 2. Nc3 Nc6 3. Bb5 d6 4. Bxc6+ bxc6 5. f4 e6 6. Nf3 g6 7. d3 d5 8. 0-0 Bg7 9. Qe1 Nf6 10. f5 0-0 11. e5 exf5 12. exf6 Bxf6 13. Qg3 Ba6 14. Bg5 Bxg5 15. Qxg5 Qb6 16. Rab1 f6 17. Qf4 Rae8 18. Rfe1 Rxe1+ 19. Nxe1 c4+ 20. d4 g5 21. Qe3 f4 22. Qf2 Re8 23. a3 Re3 24. Nd1 Rxa3 25. c3 Rb3 26. g3 Bc8 27. gxf4 Bf5 28. Rc1 Bg4 29. fxg5 Bxd1 30. Rxd1 fxg5 31. Qf6 Rxb2 32. Qxg5+ Kf7 33. Qf5+ Kg7 34. Nf3 Qd8 35. Kh1 Qf6 36. Rg1+ Kf7 37. Qxh7+ Ke6 38. Rg6 1-0

[Event "FRA-ch U18 Girls"]
[Site "Hyeres"]
[Date "2002.??.??"]
[Round "9.3"]
[White "Levacic, Melissa"]
[Black "Esposito, Marie Christine"]
[Result "0-1"]
[WhiteElo "1950"]
[BlackElo "1980"]
[PlyCount "68"]
[EventDate "2002.04.05"]
[EventType "swiss"]
[EventRounds "9"]
[EventCountry "FRA"]
[SourceTitle "EXT 2003"]
[Source "ChessBase"]
[SourceDate "2002.11.25"]
[SourceVersion "1"]
[SourceVersionDate "2002.11.25"]
[SourceQuality "1"]

1. e4 d6 2. d4 Nf6 3. Nc3 c6 4. a4 Nbd7 5. g3 e5 6. Bg2 Be7 7. Nge2 0-0 8. 0-0 b6 9. h3 Bb7 10. Be3 d5 11. exd5 cxd5 12. g4 e4 13. Ng3 Ne8 14. f4 Nd6 15. g5 Nc4 16. Bc1 Re8 17. Qh5 Bf8 18. f5 g6 19. Qg4 Nb8 20. b3 Nd6 21. h4 Qc8 22. h5 Qxc3 23. Ba3 Qxd4+ 24. Kh2 Bc8 25. Qh4 Nxf5 26. Nxf5 Bxf5 27. Bxf8 Rxf8 28. Bh3 Qe5+ 29. Kg2 Bxh3+ 30. Kxh3 Nc6 31. Rae1 Ne7 32. Kg2 Nf5 33. Qg4 Rac8 34. c4 d4 0-1

[Event "FRA-chT 0001 U18"]
[Site "France"]
[Date "2001.??.??"]
[Round "8"]
[White "Lepan, Marvin"]
[Black "Levacic, Melissa"]
[Result "1-0"]
[WhiteElo "2130"]
[BlackElo "1890"]
[PlyCount "81"]
[EventDate "2000.??.??"]
[EventType "team"]
[EventRounds "11"]
[EventCountry "FRA"]
[SourceTitle "EXT 2003"]
[Source "ChessBase"]
[SourceDate "2002.11.25"]
[SourceVersion "1"]
[SourceVersionDate "2002.11.25"]
[SourceQuality "1"]

1. d4 Nf6 2. Bg5 Ne4 3. Bf4 c5 4. f3 Qa5+ 5. c3 Nf6 6. d5 Qb6 7. b3 d6 8. e4 Nbd7 9. Nh3 g6 10. Qd2 h6 11. Nf2 Bg7 12. Be2 Qa5 13. a4 a6 14. Ra2 Qc7 15. 0-0 Rb8 16. Na3 Nf8 17. Be3 Bd7 18. f4 h5 19. c4 Ng4 20. Bxg4 hxg4 21. Nd3 f5 22. e5 e6 23. exd6 Qxd6 24. Bxc5 Qc7 25. a5 Kf7 26. Bb6 Qd6 27. Re1 Bc8 28. dxe6+ Nxe6 29. Qe3 g5 30. Ne5+ Bxe5 31. fxe5 Qc6 32. Nc2 Bd7 33. Nb4 Qc8 34. Rd2 Rh7 35. Qd3 Kg6 36. Nd5 Nc5 37. Qe3 Ne4 38. Rc2 Qh8 39. g3 Qxe5 40. Bc7 Qe8 41. Qb6+ 1-0

[Event "FRA-chT 0001 U18"]
[Site "France"]
[Date "2001.??.??"]
[Round "9"]
[White "Pietrasanta, Jeremy"]
[Black "Levacic, Melissa"]
[Result "1-0"]
[WhiteElo "2125"]
[BlackElo "1890"]
[PlyCount "41"]
[EventDate "2000.??.??"]
[EventType "team"]
[EventRounds "11"]
[EventCountry "FRA"]
[SourceTitle "EXT 2003"]
[Source "ChessBase"]
[SourceDate "2002.11.25"]
[SourceVersion "1"]
[SourceVersionDate "2002.11.25"]
[SourceQuality "1"]

1. e4 e5 2. Bc4 Nc6 3. Nf3 Bc5 4. 0-0 Nf6 5. d3 d6 6. h3 Be6 7. Nbd2 0-0 8. c3 a6 9. b4 Ba7 10. Bb2 b5 11. Bb3 a5 12. a3 Re8 13. Re1 d5 14. exd5 Nxd5 15. Bxd5 Qxd5 16. Qe2 f6 17. c4 Qd7 18. cxb5 Nd4 19. Nxd4 exd4 20. Qf3 Qxb5 21. Rxe6 1-0

[Event "FRA-chT 01 (Women)"]
[Site "Clichy"]
[Date "2001.??.??"]
[Round "?"]
[White "Sazerac, Amelie"]
[Black "Levacic, Melissa"]
[Result "0-1"]
[WhiteElo "1230"]
[BlackElo "1890"]
[PlyCount "52"]
[EventDate "2001.02.??"]
[EventType "team"]
[EventRounds "11"]
[EventCountry "FRA"]
[SourceTitle "CBM 080 Extra"]
[Source "ChessBase"]
[SourceDate "2001.03.08"]
[SourceVersion "1"]
[SourceVersionDate "2001.03.08"]
[SourceQuality "1"]

1. c4 e6 2. d4 d5 3. cxd5 exd5 4. e3 Nf6 5. Nc3 Bd6 6. Nf3 0-0 7. Be2 Re8 8. 0-0 c6 9. b3 Bg4 10. Nd2 Bf5 11. a3 Qc7 12. h3 a5 13. Bb2 Nbd7 14. Re1 Nf8 15. Nf3 Ng6 16. Bd3 Bxd3 17. Qxd3 Ne4 18. Nd2 Qe7 19. f3 Nxc3 20. Bxc3 Bxa3 21. Nb1 Bb4 22. e4 Nf4 23. Qc2 Qg5 24. Kh2 dxe4 25. Rxe4 Bd6 26. Bd2 Qxg2# 0-1